000 00777nam a22002175i 4500
001 153328
003 ES-MaACL
005 20230906205157.0
008 040729s1858 gw |||| | eng d
040 _aCAM
_bspa
_cCAM
080 _a821.111-31"18"
100 1 _aCraik, Dinah Maria Mulock (
_d1826-1887)
_9126631
245 1 4 _aThe head of the family
_b: a novel /
_cby the author of "John Halifax".
260 _aLeipzig :
_bBernhard Tauchnitz,
_c1858.
300 _a2 v. (334 ; 326, [2] p.) ;
_c16 cm.
490 1 _aCollection of british authors ;
_v423 ; 424
594 _aEncabezamiento tomado de la BNF.
830 0 _aCollection of british authors ;
_v423 ; 424
_9180703
852 _aES-MaACL
_jG-13134
_z-- Enc. hol.
_z-- Enc. 2 t. en 1 v.
999 _c153328
_d153328